Qasam Fajar Day Tary Di \ (Record no. 525367)
[ view plain ]
| 000 -LEADER | |
|---|---|
| fixed length control field | 00472nam a22001817a 4500 |
| 003 - CONTROL NUMBER IDENTIFIER | |
| control field | NUST |
| 020 ## - INTERNATIONAL STANDARD BOOK NUMBER | |
| International Standard Book Number | - |
| 038 ## - RECORD CONTENT LICENSOR | |
| Staff Name | Zafar Malik |
| 082 ## - DEWEY DECIMAL CLASSIFICATION NUMBER | |
| Classification number | 891.421 |
| Author Mark | QAI |
| 100 ## - MAIN ENTRY--PERSONAL NAME | |
| Personal name | Qaisar, Nazir |
| 9 (RLIN) | 16216 |
| 245 ## - TITLE STATEMENT | |
| Title | Qasam Fajar Day Tary Di \ |
| Statement of responsibility, etc. | Nazir, Qaisar |
| 260 ## - PUBLICATION, DISTRIBUTION, ETC. | |
| Place of publication, distribution, etc. | Lahore : |
| Name of publisher, distributor, etc. | Zauq Publishers ; |
| Date of publication, distribution, etc. | 2005. |
| 300 ## - PHYSICAL DESCRIPTION | |
| Extent | 143 p. ; |
| 500 ## - GENERAL NOTE | |
| General note | Hardcover |
| 880 ## - ALTERNATE GRAPHIC REPRESENTATION | |
| Linkage | 100-02\r |
| Title | نزیر قیصر |
| 880 ## - ALTERNATE GRAPHIC REPRESENTATION | |
| Linkage | 245-02\r |
| Title | قسم فجر دے تارے دی |
| 942 ## - ADDED ENTRY ELEMENTS (KOHA) | |
| Source of classification or shelving scheme | |
| Koha item type | Book |
| Withdrawn status | Lost status | Source of classification or shelving scheme | Damaged status | Not for loan | Permanent Location | Current Location | Shelving location | Date acquired | Total Checkouts | Full call number | Barcode | Date last seen | Price effective from | Koha item type |
|---|---|---|---|---|---|---|---|---|---|---|---|---|---|---|
| Central Library (CL) | Central Library (CL) | Punjabi Literature | 07/01/2019 | 891.421 QAI | CL-E-1272 | 07/01/2019 | 07/01/2019 | Book |
